Vplyv medzinárodnej migrácie na vybranú cieľovú krajinu bakalárska práca

Salvato in:
Dettagli Bibliografici
Autore principale: Roh, Filip
Ente Autore: Obchodná fakulta EU. Katedra medzinárodného obchodu
Altri autori: Steinhauser, Dušan, 1988-
Natura: Libro
Lingua:slovacco
Pubblicazione: Bratislava 2018
Tags: Aggiungi Tag
Nessun Tag, puoi essere il primo ad aggiungerne!!

MARC

LEADER 00000nbm a2200000 4500
001 0245114
005 20180926143953.1
041 0 |a slo 
044 |a SK 
245 1 0 |a Vplyv medzinárodnej migrácie na vybranú cieľovú krajinu  |b bakalárska práca  |c Filip Roh ; školiteľ: Dušan Steinhauser 
264 1 |a Bratislava  |c 2018 
300 |a 59 s. 
100 1 |a Roh, Filip 
700 1 |a Steinhauser, Dušan, 1988- 
710 2 |a Obchodná fakulta EU. Katedra medzinárodného obchodu